Catholic Christian Trivia #1 - Statistics

General Stats
  • This quiz has been taken 358 times
    320 since last reset
  • The average score is 10 of 19
Answer Stats
Question Answer % Correct
The liturgical color of Advent Purple
96%
The liturgical color of Ordinary Time Green
92%
The liturgical color of the Memorial of a Martyr Red
92%
The liturgical color of Christmas and Easter White
89%
The optional liturgical color for a Mass of the Dead (Requiem Mass) Black
83%
The Language of the Church Latin
83%
The liturgical color of the Third Sunday of Advent (Gaudete Sunday) Rose
83%
The Musical Instrument of the Church Organ
72%
The Founder of the Catholic Church Jesus Christ
52%
The object that the eucharist is reposed into Tabernacle
46%
The Source and Summit of the Catholic Faith Eucharist
37%
The object used to visibly present the Eucharist during adoration Monstrance
35%
The white inner vestment worn by the priest Alb
29%
The everyday black vestment seen on some priests and seminarians Cassock
29%
The outermost vestment worn by the priest Chasuble
24%
The object that holds incense during the liturgy Thurible
24%
The object that imparts the title of Cathedral Cathedra/Chair
20%
The linen cloth that is always to be placed beneath the Eucharist Corporal
17%
The outermost vestment worn by the deacon Dalmatic
10%
No matching quizzes found
Score Distribution
Percent of People with Each Score
Percentile by Number Answered
Your Score History
You have not taken this quiz since the last reset